000 01365nas a2200265 454500
001 20316
005 20260407193506.0
008 260407s2005####ag###########|||spa#d
003 AR-UNSa-BCEJYS
040 _aAR-UNSa-BCEJYS
_bspa
_cAR-UNSa-BCEJYS
080 _a338
_xSituación económica. Política económica. Gestión de la economía. Planificación de la economía. Producción. Servicios. Precios
245 1 0 _aDocumento de proyecto
264 1 _aSantiago de Chile :
_bNaciones Unidas
_c2005
310 _aNumeración varía: CEPAL reserva numeración para años posteriores, por este motivo en algunos casos, no hay correlación entre año y número Puede haber números repetidos en diferentes años, la numeración se sigue según figura en la página Web, la fecha de edición es la que figura en la publicación
942 _cSER
590 _aniveau_biblio:s niveau_hierar:1
100 1 _aNaciones Unidas. Comisión Económica para América Latina y el Caribe (CEPAL)
700 1 _aCámara Argentina Fabricantes de Maquinarias Agrícolas
650 _aIntegración económica
650 _aAnálisis económico
650 _aPolítica industrial
650 _aMERCOSUR
650 _aCOMERCIO EXTERIOR
856 4 1 _uhttps://biblioeco.unsa.edu.ar/pmb/images/revistas/Mapa Biotecnol?gico de la Provincia de Cordoba.jpg
_yImagen de portada
_qimage/jpeg
999 _c8538
_d8538